| 000 | 00453nam a22001697a 4500 | ||
|---|---|---|---|
| 003 | CEME | ||
| 005 | 20210628210422.0 | ||
| 008 | 210208b xxu||||| |||| 00| 0 eng d | ||
| 040 | _c. | ||
| 082 | _a297.092 ASH | ||
| 100 |
_aThanvi, Muhammad Ashraf Ali Muhammad Ashraf Ali Thanvi _911089 |
||
| 245 | _aArwah-e-salasa | ||
| 260 |
_aLAHORE _bMAKTABA REHMANIA _c1995 |
||
| 300 | _a398P | ||
| 650 |
_aISLAM-HIKAYAT ALLAHA WALAY _979324 |
||
| 942 |
_cBK _2ddc |
||
| 999 |
_c584370 _d584370 |
||